000 00800nam a22002177a 4500
999 _c172977
_d172977
005 20200318113535.0
010 _aA-640061
020 _c350.00
_a8172015984
035 _aA-640061
037 _bBPPD/Ven.
082 _aن
100 _aيش پا ل
245 _aميری تيری اسکی بات /
_cيش پال
246 _aMeri Teri Uski Baat /
_bby Yeshpal
260 _aN.Delhi
_c1994
_bSahitya Academy
270 _aRovind Bhawan,35,Firoz Shah Road,
_bN.Delhi
_e110001
_k-
300 _a944 ص
_c22 س م (Hb)
942 _2ddc
_cUR
_hن
_mے ش پ